000 00423nam a22001697a 4500
003 OSt
005 20211013154311.0
008 211013b |||||||| |||| 00| 0 eng d
020 _a81--8061-826-9
040 _aDDC
_cHU
082 _24TH
_a612
_b2
100 _aSEMBULINGAM K
_913381
245 _aESSENTIALS OF MEDICAL PHYSIOLOGY
250 _a4TH
260 _aNEW DELHI
_bJAYPEE BROTHERS
_c2006
942 _2ddc
_cBOOKS
_n0
999 _c12510
_d12510